Four Letter Geography - H - Statistics

General Stats
  • This quiz has been taken 92 times
  • The average score is 7 of 10
Answer Stats
Hint Answer % Correct
Sweet _____ Alabama Home
94%
Mount Everest is 8,850 meters ____ High
91%
Peninsula: The ____ of Africa Horn
87%
Big bump in the land, not too high Hill
84%
Hawaiian dancing Hula
79%
What Jews did during the holocaust Hide
75%
The name of a Chinese dynasty Hang
55%
Kola Super deep bore____ Hole
54%
'My son' in Spanish; river in Japan Hijo
40%
Ethnic Chinese Hans
35%
No matching quizzes found
Score Distribution
Percent of People with Each Score
Percentile by Number Answered
Your Score History
You have not taken this quiz